Kangra paintings on love/ (Record no. 22764)

000 -LEADER
fixed length control field 00372nam a22001451a 4500
020 ## - INTERNATIONAL STANDARD BOOK NUMBER
ISBN 8123000502
082 ## - DEWEY DECIMAL CLASSIFICATION NUMBER
Classification number 759.954
Item number RAN/K
100 ## - MAIN ENTRY--AUTHOR NAME
Personal name Randhawa M S
245 ## - TITLE STATEMENT
Title Kangra paintings on love/
Statement of responsibility, etc by Randhawa M S
260 ## - PUBLICATION, DISTRIBUTION, ETC. (IMPRINT)
Place of publication New Delhi:
Name of publisher Ministry of Information and Broadcasting,
Year of publication 1994.
300 ## - PHYSICAL DESCRIPTION
Number of Pages 168p.
650 ## - SUBJECT ADDED ENTRY--TOPICAL TERM
Topical Term Paintings India
650 ## - SUBJECT ADDED ENTRY--TOPICAL TERM
Topical Term Arts
942 ## - ADDED ENTRY ELEMENTS (KOHA)
Koha item type Book
Holdings
Withdrawn status Lost status Damaged status Not for loan Permanent Location Current Location Shelving location Date acquired Cost, normal purchase price Full call number Accession Number Cost, replacement price Price effective from Koha item type
        Sree Sankaracharya University of Sanskrit Sree Sankaracharya University of Sanskrit Reference 08.01.2015 400.00 R 759.954 RAN/K 033855 0.00 08.01.2015 Reference
        Sree Sankaracharya University of Sanskrit Sree Sankaracharya University of Sanskrit Stacks 15.09.2018 400.00 759.954 RAN/K 091587   15.09.2018 Book